000
00328nam a22001457a 4500
008
230502b ||||| |||| 00| 0 eng d
020
_a
9780306480737
041
_a
eng
080
_a
030
082
_a
030SAJ
100
_a
44
101
_a
ENCIKLO
245
_a
ENCYCLOPEDIA OF WOMEN'S HEALTH
_c
SAJATOVIC.M
942
_2
udc
_c
BK
999
_c
59643
_d
59643